000 00274 a2200145 4500
001 61749
020 _a
040 _cAnchieta - Pituba
240 1 0 _aCaderno 03
_lpor
245 1 0 _aCaderno 03
300 _a
362 0 _a2012
650 4 _aEnsino superior
942 _cBK
999 _c61749
_d61749